Biochemistry

Αποθηκεύτηκε σε:
Λεπτομέρειες βιβλιογραφικής εγγραφής
Κύριος συγγραφέας: Stryer, Lubert
Μορφή: Βιβλίο
Γλώσσα:English
Δημοσίευση: New York : Freeman, c1995
Έκδοση:4th ed.
Θέματα:
Ετικέτες: Προσθήκη ετικέτας
Δεν υπάρχουν, Καταχωρήστε ετικέτα πρώτοι!

MARC

LEADER 00000nam a2200000 i 4500
001 1/17741
008 981006s1995 eng d
020 |a 0-7167-2009-4 
035 |l 10020667 
040 |a GR-MY-UA  |b gre  |e aacr 
041 0 |a eng 
082 0 |a 574.192 
100 1 |a Stryer, Lubert. 
245 1 0 |a Biochemistry /  |c Lubert Stryer 
250 |a 4th ed. 
260 |a New York :   |b Freeman,   |c c1995 
300 |a xxxiv, 1064 σ.;  |b εικ. (μερ. έγχρ.);  |c 29 εκ. 
504 |a Περιέχει βιβλιογραφικές παραπομπές και ευρετήριο 
650 0 0 |a Biochemistry. 
852 |a INST  |b LESVOS  |e 19981006  |h 574.192 STR  |p 005100012975  |q 005100012975  |t BK  |y 0 
901 |a BIBL-1998-3 
909 |a Λ  |b 059109 
922 |a 1ΕΛΗ  |b 199809  |c ΚΠΣ/ΤΕΘ  |d ΠΑΠΑΣΩΤΗΡΙΟΥ 
950 |a 134-1998-07-29